000 01487nam a22004331i 4500
999 _c176881
_d176881
001 vtls000866020
003 PNM
005 20200317122737.0
008 181119t20182018my e a001 0 eng
015 _aM191-01537
020 _a9789672229308
_qpaperback
_cRM35.00
039 9 _a201910071119
_bazeantie
_c201910021233
_drosliza
_c201909301211
_dnoorul
_c201908271119
_dAUTHORITY
040 _aBNM
_beng
_cBNM
_dPNM
_dBNM
_dPPAK
_erda
049 _aklpmal
082 0 4 _a746.66209595
_223
090 0 0 _a746.66209595
_bMOH
_dG
100 0 _aMohd. Rafi Yaacob,
_cProf., Dr.,
_eauthor.
245 1 0 _aBATIK INDUSTRY IN MALAYSIA AT THE CROSSROAD :
_bBusiness as usual or green imperative? /
_cMohd Rafi Yaacob, Nur Faizah Mat Zain
264 1 _aKota Bharu, Kelantan :
_bPenerbit UMK,
_c2018
264 4 _c©2018
300 _axiv, 131 pages ;
_c23 cm
336 _atext
_2rdacontent
337 _aunmediated
_2rdamedia
338 _avolume
_2rdacarrier
500 _aIncludes index.
504 _aBibliography: pages 111-127
650 1 0 _aBatik
_zMalaysia
650 2 0 _aGovernment publications
_zMalaysia
700 0 _aNur Faizah Mat Zain,
_eauthor.
942 _2ddc
_cB
949 _62000674787
_a746.66209595 MRY M
949 _61001376173
_e2609409
949 _61001376174
_e2609410
949 _61001376175
_e2609411
949 _61001376176
_e2609412
949 _61001376177
_e2609413
949 _62000674790
_a746.66209595 MRY M
949 _62000674789
_a746.66209595 MRY M